| 000 | 00728nam a22002057a 4500 | ||
|---|---|---|---|
| 999 |
_c20508 _d20508 |
||
| 003 | AR-CdUCM | ||
| 008 | 190530b ||||| |||| 00| 0 spa d | ||
| 040 |
_aMUNICIPALIDAD PROVINCIAL DEL CUSCO _cBIBLIOTECA MUNICIPAL DEL CUSCO |
||
| 082 |
_a632 / _bD74 |
||
| 100 |
_aDomínguez Garcia Tejero, Francisco _942864 |
||
| 245 | _aPlagas y enfermedades de las plantas cultivadas / | ||
| 260 |
_aMadrid : _bDossat, _c1957. |
||
| 300 |
_a872 páginas ; _bGraficos, imagenes _c26 cm. |
||
| 505 | _aContenido : Los enemigos de las plantas -- Los insectos -- Medios de lucha contra las plagas.. | ||
| 650 |
_aFumigaciones _942865 |
||
| 650 |
_aFitopatología _942866 |
||
| 650 |
_aPlagas _921314 |
||
| 942 |
_2ddc _cLIBROS |
||
| 945 | _arcc | ||